Sladké orieškové miliardy
História talianskej spoločnosti Ferrero SpA. Začiatky fungovania rodinnej cukrárenskej firmy. Podnikanie počas druhej svetovej vojny. Nahradenie nedostatkového kakaa nátierkovou lieskovoorieškovou pastou. Výroba Nutelly. Konkurenčný náskok pred ostatnými firmami. Výrobky špičkovej kvality, s ktorými...
Saved in:
| Main Author: | |
|---|---|
| Format: | Book Chapter |
| Language: | Slovak |
| Subjects: | |
| Tags: |
No Tags, Be the first to tag this record!
|
MARC
| LEADER | 00000naa a2200000 4500 | ||
|---|---|---|---|
| 001 | 0152717 | ||
| 005 | 20231113071427.6 | ||
| 041 | 0 | |a slo | |
| 044 | |a SK | ||
| 245 | 1 | 0 | |a Sladké orieškové miliardy |c Adrian Peter Pressburg |
| 520 | |a História talianskej spoločnosti Ferrero SpA. Začiatky fungovania rodinnej cukrárenskej firmy. Podnikanie počas druhej svetovej vojny. Nahradenie nedostatkového kakaa nátierkovou lieskovoorieškovou pastou. Výroba Nutelly. Konkurenčný náskok pred ostatnými firmami. Výrobky špičkovej kvality, s ktorými prerazili aj v zahraničí. Tajomstvo úspechu. | ||
| 610 | 2 | 0 | |a podnikanie |
| 610 | 2 | 0 | |a stratégia podnikateľská |
| 610 | 2 | 0 | |a podnikatelia |
| 610 | 2 | 0 | |a firmy |
| 610 | 2 | 0 | |a potravinárstvo |
| 610 | 2 | 0 | |a výrobky |
| 610 | 2 | 0 | |a čokoláda |
| 610 | 2 | 0 | |a kakao |
| 610 | 2 | 0 | |a Taliansko |
| 100 | 1 | |a Pressburg, Adrian Peter | |